PRINCIPIOS REALES Y CONOCIMIENTO MATEMATICO : (Registro nro. 56792)
[ vista simple ]
| 000 -LEADER | |
|---|---|
| fixed length control field | 01092nam a2200193 a 4500 |
| 001 - CONTROL NUMBER | |
| control field | 56792 |
| 005 - DATE AND TIME OF LATEST TRANSACTION | |
| control field | 20180714052721.0 |
| 008 - FIXED-LENGTH DATA ELEMENTS--GENERAL INFORMATION | |
| fixed length control field | 140415s2008 sp 000 0 spa d |
| 020 ## - INTERNATIONAL STANDARD BOOK NUMBER | |
| International Standard Book Number | 9788431325220 |
| 041 ## - LANGUAGE CODE | |
| Language code of text/sound track or separate title | spa |
| 082 ## - DEWEY DECIMAL CLASSIFICATION NUMBER | |
| Classification number | 530.01 |
| Item number | VAN |
| 100 1# - MAIN ENTRY--PERSONAL NAME | |
| Personal name | Vanney, Claudia E. |
| 245 10 - TITLE STATEMENT | |
| Title | PRINCIPIOS REALES Y CONOCIMIENTO MATEMATICO : |
| Remainder of title | LA PROPUESTA EPISTEMOLOGICA DE LEONARDO POLO |
| 250 ## - EDITION STATEMENT | |
| Edition statement | 1a ed. |
| 260 ## - PUBLICATION, DISTRIBUTION, ETC. | |
| Place of publication, distribution, etc. | ESPAÑA : |
| Name of publisher, distributor, etc. | EUNSA, |
| Date of publication, distribution, etc. | 2008 |
| 300 ## - PHYSICAL DESCRIPTION | |
| Extent | 538 |
| Dimensions | 16.9 x 2 x 24 |
| 520 ## - SUMMARY, ETC. | |
| Summary, etc. | DESDE SU ORIGEN LA FILOSOFIA NO HA SIDO UNA MODALIDAD PRACTICA DE SABER, SINO LA MODALIDAD TEORICA DE LA SABIDURIA HUMANA, UNO DE LOS MODOS DE AVERIGUARLO ACERCA DE LAS ULTIMIDADES. LA FILOSOFIA COMIENZA CON LA ADMIRACION ANTE LOS FENOMENOS DEL MUDNO,PORQUE LA ADMIRACION SE APARTA DEL SABER PRACTICO, E INICIA LA ADQUISICION DE UN SABER QUE TODAVIA NO SE POSSE. LA ADMIRACION CONDICE A UN PRIMER HALLAZGO PROFUNDO: LA REALIDAD ESRA FUNDAD DE UNA MANERA ESTABLE. NO TODO PASA, FLUYE O ES EF |
| 650 14 - SUBJECT ADDED ENTRY--TOPICAL TERM | |
| Topical term or geographic name entry element | EPISTEMOLOGIA |
| General subdivision | FILOSOFIA DE LA CIENCIA |
| -- | FISICA MATEMATICA |
| -- | POLO, LEONARDO |
| Withdrawn status | Lost status | Source of classification or shelving scheme | Damaged status | Not for loan | Collection code | Home library | Current library | Shelving location | Date acquired | Source of acquisition | Inventory number | Total Checkouts | Full call number | Barcode | Date last seen | Price effective from | Koha item type |
|---|---|---|---|---|---|---|---|---|---|---|---|---|---|---|---|---|---|
| Dewey Decimal Classification | General | Centro de Estudios en Ciencia y Religión | Centro de Estudios en Ciencia y Religión | Sala general | 03/12/2013 | Compra | 151000000000000000078170 | 530.01 VAN | 85841 | 05/01/2026 | 20/11/2015 | Libro |